Advanced microeconomic theory

Salvato in:
Dettagli Bibliografici
Autore principale: Jehle, Geoffrey A.
Altri autori: Reny, Philip J.
Natura: Libro
Lingua:inglese
Pubblicazione: Boston Addison Wesley 2001
Edizione:2. ed.
Serie:<The> Addison-Wesley series in economics
Soggetti:
Tags: Aggiungi Tag
Nessun Tag, puoi essere il primo ad aggiungerne!!

MARC

LEADER 00000nam$a2200000$$$4500
001 0002610
005 20240306135126.1
020 |a 0-321-20453-0 
041 0 |a eng 
044 |a US 
245 1 0 |a Advanced microeconomic theory  |c Geoffrey A. Jehle, Philip J. Reny 
250 |a 2. ed. 
264 1 |a Boston  |b Addison Wesley  |c 2001 
300 |a 543 s. 
490 1 |a <The> Addison-Wesley series in economics 
830 0 |a <The> Addison-Wesley series in economics 
610 2 0 |a mikroekonomika 
610 2 0 |a teórie ekonomické 
610 2 0 |a spotreba 
610 2 0 |a firmy 
610 2 0 |a rovnováha 
610 2 0 |a podmienky sociálne 
610 2 0 |a teória hier 
610 2 0 |a informácie 
610 2 0 |a matematika 
100 1 |a Jehle, Geoffrey A. 
700 1 |a Reny, Philip J.